| 000 | 00808nam a2200241 a 4500 | ||
|---|---|---|---|
| 001 | 000022090 | ||
| 005 | 20240301180539.0 | ||
| 008 | 100916s1974 sp r 000 0 spa d | ||
| 020 | _a8429709509 | ||
| 040 |
_aDO-SdBNP _bspa _cBNPHU |
||
| 082 |
_a335.43 _bK119g |
||
| 100 | 1 |
_aKägi, Paul _945771 |
|
| 245 | 1 | 3 |
_aLa génesis del materialismo histórico / _cPaul Kägi ; prólogo Werner Kägi ; traducción Ulises Moulines. |
| 260 |
_aBarcelona : _bPenínsula, _c1974. |
||
| 300 |
_a350 p. ; _c21 cm. |
||
| 500 | _aIncluye notas al pie de las páginas. | ||
| 600 | 1 | 0 |
_aMarx, Karl, _d1818-1883 _930439 |
| 650 | 4 |
_aMaterialismo dialectico _9845 |
|
| 700 | 1 |
_aKägi, Werner, _epról. _945772 |
|
| 700 | 1 |
_aMoulines, Ulises, _etr. _927852 |
|
| 740 | 0 | _aKarl Marx y la dinámica de la sociedad | |
| 049 | _aBNGR | ||
| 999 |
_c21588 _d21588 |
||